TB. OF PATHOLOGY (Record no. 21006)

MARC details
000 -LEADER
fixed length control field 00328nam a22001577a 4500
003 - CONTROL NUMBER IDENTIFIER
control field SGT
020 ## - INTERNATIONAL STANDARD BOOK NUMBER
International Standard Book Number 9789352705474
082 ## - DEWEY DECIMAL CLASSIFICATION NUMBER
Classification number 616.07
Item number P21M
100 ## - MAIN ENTRY--PERSONAL NAME
Personal name MOHAN, HARSH
245 ## - TITLE STATEMENT
Title TB. OF PATHOLOGY
250 ## - EDITION STATEMENT
Edition statement 8TH
260 ## - PUBLICATION, DISTRIBUTION, ETC. (IMPRINT)
Place of publication, distribution, etc INDIA
Name of publisher, distributor, etc JAPEE PUB
Year of Publication 2021
300 ## - PAGE DESCRIPTION
No. of Pages 1010
650 ## - SUBJECT ADDED ENTRY--TOPICAL TERM
Topical term or geographic name as entry element PATHOLOGY
942 ## - ADDED ENTRY ELEMENTS (KOHA)
Source of classification or shelving scheme Dewey Decimal Classification
Koha item type Books
942 ## - ADDED ENTRY ELEMENTS (KOHA)
-- 206
Holdings
Withdrawn status Lost status Source of classification or shelving scheme Damaged status Not for loan Collection code Home library Current library Shelving location Date acquired Vendor Name Cost, normal purchase price SGTU Bill Number Total Checkouts Total Renewals Full call number Accession No. (Barcode) Date last seen Date last borrowed Bill Date Koha item type
    Dewey Decimal Classification     MEDICAL SGT Medical Library SGT Medical Library Text Book 02/04/2021 ABC DELHI 2395.00 SGTU 12725 60 1 616.07 P21M FM12433 18/06/2025 16/06/2025 19/02/2021 Books
    Dewey Decimal Classification     MEDICAL SGT Medical Library SGT Medical Library Text Book 02/04/2021 ABC DELHI 2395.00 SGTU 12725 51   616.07 P21M FM12434 06/04/2026 06/04/2026 19/02/2021 Books
    Dewey Decimal Classification     MEDICAL SGT Medical Library SGT Medical Library Text Book 02/04/2021 ABC DELHI 2395.00 SGTU 12725 63 3 616.07 P21M FM12435 25/05/2026 16/05/2026 19/02/2021 Books
    Dewey Decimal Classification     MEDICAL SGT Medical Library SGT Medical Library Text Book 02/04/2021 ABC DELHI 2395.00 SGTU 12725 26   616.07 P21M FM12436 15/04/2026 02/04/2026 19/02/2021 Books
    Dewey Decimal Classification     MEDICAL SGT Medical Library SGT Medical Library Text Book 02/04/2021 ABC DELHI 2395.00 SGTU 12725 41   616.07 P21M FM12437 24/12/2024 11/12/2024 19/02/2021 Books